Megadeth Song Lyrics - Statistics

General Stats
  • This quiz has been taken 207 times
  • The average score is 79 of 133
Answer Stats
Lyric % Correct
a
87%
A
87%
the
86%
The
86%
You
78%
to
75%
of
71%
in
69%
And
65%
symphony
64%
destruction
63%
man
63%
him
62%
become
60%
God
60%
like
60%
take
60%
Just
59%
mortal
59%
Watch
59%
control
58%
put
58%
through
58%
head
57%
Piper
57%
rats
57%
streets
57%
We
57%
Pied
56%
dance
55%
Led
53%
a'roll
51%
A'roll
51%
Swaying
50%
heads
49%
marionettes
49%
robot
49%
people's
48%
try
48%
metal
47%
brain
45%
corrodes
45%
explodes
45%
Explodes
45%
Its
45%
its
45%
Acting
43%
Before
42%
pulse
41%
for
34%
tall
34%
world
34%
fall
32%
powers
32%
stands
32%
starts
31%
earth
30%
peaceful
30%
rumble
30%
Heavens
28%
warring
19%
Countdown To Extinction
15%
No matching quizzes found
Score Distribution
Percent of People with Each Score
Percentile by Number Answered
Your Score History
You have not taken this quiz